| 000 | 00956nam a22002777a 4500 | ||
|---|---|---|---|
| 999 |
_c12663 _d12663 |
||
| 003 | EG-ScBUE | ||
| 005 | 20210205120853.0 | ||
| 008 | 090820s2004 ua f 000 e ara d | ||
| 017 | _a2004/13023 | ||
| 020 | _a9770191353 | ||
| 040 |
_aEG-ScBUE _bara _erda _cEG-ScBUE _dEG-ScBUE |
||
| 082 | 0 | 4 |
_a892.746 _bع ص ف _222 |
| 100 | 1 |
_927073 _aعصفور، جابر، _d1944- _eمؤلف. |
|
| 245 | 1 | 2 |
_aالرهان على المستقبل / _cد. جابر عصفور. |
| 264 | 1 |
_aالقاهرة : _bالهيئة المصرية العامة للكتاب، _c2004. |
|
| 300 |
_a366 صفحة ؛ _c22 سم. |
||
| 336 |
_2rdacontent _aنص _btxt |
||
| 337 |
_2rdamedia _aبدون وسيط _bn |
||
| 338 |
_2rdacarrier _aمجلد _bnc |
||
| 490 | _aمكتبة الأسرة | ||
| 650 | 7 |
_aالمقالات العربية _zمصر _yقرن 21. _2BUEsh |
|
| 651 | _2BUEsh | ||
| 653 |
_bARALIT _cFebruary2021 |
||
| 655 |
_vReading book _934232 |
||
| 942 |
_2ddc _cBB |
||